Handbook of medicenal plants / (Record no. 7648)

MARC details
000 -LEADER
fixed length control field 00740nam a22002292 4500
001 - CONTROL NUMBER
control field 0000008607
005 - DATE AND TIME OF LATEST TRANSACTION
control field 20151217152037.0
008 - FIXED-LENGTH DATA ELEMENTS--GENERAL INFORMATION
fixed length control field 080505s xx 000 0 eng d
020 ## - INTERNATIONAL STANDARD BOOK NUMBER
International Standard Book Number 8123915043 :
Terms of availability KES 3300
040 ## - CATALOGING SOURCE
Original cataloging agency KABU
Transcribing agency KABU
245 10 - TITLE STATEMENT
Title Handbook of medicenal plants /
Statement of responsibility, etc. Zohara Yaniv, Uriel Bachrach, editors.
260 ## - PUBLICATION, DISTRIBUTION, ETC. (IMPRINT)
Place of publication, distribution, etc. New Delhi :
Name of publisher, distributor, etc. CBS,
Date of publication, distribution, etc. 2007.
300 ## - PHYSICAL DESCRIPTION
Extent xxi, 500 p.
650 #0 - SUBJECT ADDED ENTRY--TOPICAL TERM
Topical term or geographic name as entry element Plants, Medicinal.
-- 0000159254
650 #0 - SUBJECT ADDED ENTRY--TOPICAL TERM
Topical term or geographic name as entry element Medicinal plants
General subdivision Handbooks, manuals, etc.
-- 0000159255
700 1# - ADDED ENTRY--PERSONAL NAME
Personal name Yaniv, Zohara.
-- 0000159256
700 1# - ADDED ENTRY--PERSONAL NAME
Personal name Bachrach, Uriel.
-- 0000159257
908 ## - PUT COMMAND PARAMETER (RLIN)
Put command parameter 080505
950 ## - LOCAL HOLDINGS (RLIN)
-- 1
Holdings
Withdrawn status Lost status Source of classification or shelving scheme Not for loan Home library Current library Date acquired Total Checkouts Full call number Barcode Date last seen Date last checked out Price effective from Koha item type
    Library of Congress Classification   Kabarak, Main Campus Kabarak, Main Campus 17/12/2015 1 RS164 .H36 008821 10/06/2022 06/06/2022 17/12/2015 General Collection
    Library of Congress Classification   Kabarak, Main Campus Kabarak, Main Campus 17/12/2015   RS164 .H36 008822 17/12/2015   17/12/2015 General Collection
Designed with assistance from East African Informatics Ltd